| 000 | 00568cab a2200205 4500 | ||
|---|---|---|---|
| 001 | ABS40691 | ||
| 008 | 090401t1989 xxu||||| |||| 00| 0 eng d | ||
| 035 | _a(Sirsi) u25506 | ||
| 041 | _aeng | ||
| 100 | _aChong, F. | ||
| 245 | _aFringe benefits | ||
| 260 | _c1989 | ||
| 350 | _a0 | ||
| 490 |
_aWorld Property _v3(4) April 1989, 39-45(5) |
||
| 520 | _aReviews the secondary commercial property market s in Australia `s state capitals Sydney , Brisbane , Perth and Adelaide . | ||
| 650 | _aOFFICES | ||
| 690 | _aOVERSEAS | ||
| 942 | _n0 | ||
| 948 | _c04/03/1997 | ||
| 999 |
_c17129 _d17129 |
||